| 000 | 00965nam a22003377a 4500 | ||
|---|---|---|---|
| 003 | OSt | ||
| 005 | 20251001153741.0 | ||
| 007 | ta | ||
| 008 | 251001b bl ||||| |||| 00| | por d | ||
| 020 |
_a9786586205305 _q(broch.) |
||
| 040 |
_bpor _cOSt |
||
| 041 | 0 |
_apor _hpor |
|
| 041 | 1 | _aeng | |
| 041 | 1 | _afre | |
| 082 |
_a980.4 _bB213b |
||
| 210 | _2Bancos indígenas do Brasil | ||
| 245 | 1 | 0 | _aBancos indígenas do Brasil / |
| 260 |
_aSão Paulo : _bEditora Bei, _c2022. |
||
| 300 |
_a429 p. : _bil. ; _c24,5 cm |
||
| 504 | _aBibliografia: p. 25. | ||
| 546 | _aTextos em português, inglês e francês. | ||
| 650 | 0 | 4 | _aArte indígena |
| 650 | 0 | 4 | _aBancos-Mobiliário-Exposições |
| 650 | 0 | 4 | _aDesign |
| 650 | 0 | 4 | _aIndígenas da América do Sul-Cultura material |
| 650 | 0 | 4 | _aUsos e costumes |
| 700 | 1 |
_aCosta, Rafael _d1987- _9983 _eFotografia |
|
| 700 | 1 |
_aBlum, Gabriel _9984 |
|
| 700 | 1 |
_aReuillard, Pascal _d1966- _9985 |
|
| 942 |
_2ddc _cLIV _n0 |
||
| 999 |
_c674 _d674 |
||